NFL Wide Receivers by College - Statistics

General Stats
  • This quiz has been taken 561 times
  • The average score is 8 of 15
Answer Stats
Hint Answer % Correct
Julio Jones Alabama
91%
Calvin Johnson Georgia Tech
88%
Larry Fitzgerald Pittsburgh
82%
Randy Moss Marshall
76%
A.J. Green Georgia
72%
Dez Bryant Oklahoma State
67%
Kelvin Benjamin Florida State
45%
Andre Johnson Miami
44%
Demaryius Thomas Georgia Tech
38%
Wes Welker Texas Tech
36%
Jerry Rice Mississippi Valley State
35%
Brandon Marshall Central Florida
32%
Anquan Boldin Florida State
27%
Steve Smith Utah
24%
Terrell Owens Chatanooga
8%
No matching quizzes found
Score Distribution
Percent of People with Each Score
Percentile by Number Answered
Your Score History
You have not taken this quiz